| 000 | 00000nam 2200000za 4500 |
| 001 | 9.843432 |
| 003 | CaOODSP |
| 005 | 20221107152524 |
| 007 | cr ||||||||||| |
| 008 | 170912s1943 onc |o f|0| 0 eng d |
| 040 | |aCaOODSP|beng |
| 043 | |an-cn-mb |
| 086 | 1 |aCS63-D-79/1943E-PDF |
| 245 | 00|aRetail merchandise trade in Manitoba, calendar year 1941 |h[electronic resource] : |bfinal report. |
| 260 | |aOttawa : |bDominion Bureau of Statistics, |c1943. |
| 300 | |a28 p. |
| 500 | |aDigitized edition from print [produced by Statistics Canada]. |
| 500 | |aCover title. |
| 500 | |a"Series 1941, No. 18." |
| 692 | 07|2gccst|aCensus data |
| 692 | 07|2gccst|aRetail trade |
| 710 | 1 |aCanada. |bDominion Bureau of Statistics. |bCensus of Merchandising and Service Establishments. |
| 856 | 40|qPDF|s5.58 MB|uhttps://publications.gc.ca/collections/collection_2017/statcan/CS63-D-79-1943-eng.pdf |
| 986 | |a63-D-79 |